Isten a filozófiában filozófiai istentan
Elmentve itt :
| Szerző: | |
|---|---|
| Adatforrás: | Philobibl |
| Dokumentumtípus: | Könyv |
| Nyelv: | magyar |
| Kulcsszavak: | Isten vallásfilozófia |
| Megjelent: |
Budapest
Pázmány Péter Római Katolikus Hittudományi Akadémia
1991
|
| Sorozat: | A Budapesti Pázmány Péter Római Katolikus Hittudományi Akadémia kiadványai
|
| LEADER | 00614nam a2200157 c 4500 | ||
|---|---|---|---|
| 001 | bibPHI0040729 | ||
| 005 | 20200924124402.2 | ||
| 008 | 200924s1991 hu 00010 hun d | ||
| 100 | 1 | |a Bolberitz Pál | |
| 245 | 1 | 0 | |a Isten a filozófiában |b filozófiai istentan |c Bolberitz Pál |
| 260 | |a Budapest |b Pázmány Péter Római Katolikus Hittudományi Akadémia |c 1991 | ||
| 300 | |a 127 p. | ||
| 490 | 1 | |a A Budapesti Pázmány Péter Római Katolikus Hittudományi Akadémia kiadványai |v A/IV. | |
| 695 | |a Isten | ||
| 695 | |a vallásfilozófia | ||
| 830 | 2 | |a A Budapesti Pázmány Péter Római Katolikus Hittudományi Akadémia kiadványai | |